000 00669nam a22002297a 4500
999 _c382608
_d382608
001 96353
003 UA-OsUOA
005 20200212160312.0
007 ta
008 20130319b un ||||| |||| 00| 0 ukr d
040 _aUA-OsUOA
_brus
_cUA-OsUOA
_dUA-OsUOA
041 _arus
080 _a821.161.1
090 _a821.161.1
_bМ18
100 _aМалашкин С.
245 _aИзбранные произведения в двух томах
_cПетроград. роман
_n2
260 _aМ.
_bХудож. лит.
_c1988
300 _a560 с.
650 7 _a82 Література. Літературознавство
_2UDC
942 _cBK
_2udc
955 _a3